=LDR 00000nam 2200000 4500 =001 INLIS000000001052952 =005 20241014121524 =035 ##$$a 0010-1024000111 =007 ta =008 241014###########################0###### =082 ##$$a 567.93 =084 ##$$a 567.93 ICH =245 ##$$a Ichtyosaurus : $b Ulasan lengkap mengenai kehidupan hewan prasejarah =260 ##$$a batam :$b lucky publisher =300 ##$$a 23 hlm =990 ##$$a 23532353